000 00255nam a2200097Ia 4500
005 20251222175818.0
008 251222s9999||||xx |||||||||||||| ||spa||
082 _aDVD0070/S26/2005
245 0 _aEl Perro: una historia de instintos y amistades:
942 _cDVD
999 _c40385
_d40385